Cultivo en invernadero: actual orientación científica y técnica
Αποθηκεύτηκε σε:
| Κύριοι συγγραφείς: | , |
|---|---|
| Μορφή: | Βιβλίο |
| Γλώσσα: | Ισπανικά |
| Έκδοση: |
Madrid
Mundi-Prensa
1991
|
| Έκδοση: | 3a. ed |
| Θέματα: | |
| Ετικέτες: |
Προσθήκη ετικέτας
Δεν υπάρχουν, Καταχωρήστε ετικέτα πρώτοι!
|
MARC
| LEADER | 00000cam a2200000 a 4500 | ||
|---|---|---|---|
| 001 | UCG8839 | ||
| 003 | CL-VaPUC | ||
| 008 | 120106e19910000SP |||||||||||||||||spa|d | ||
| 020 | |a 9788471143471 | ||
| 082 | 0 | 4 | |a 631.583 |b ALP |2 21 |
| 100 | 0 | |a Alpi, Amadeo |e author |9 560052 | |
| 700 | 0 | |a Tognoni, Franco |e author |9 560053 | |
| 245 | 1 | 0 | |a Cultivo en invernadero: actual orientación científica y técnica |
| 250 | |a 3a. ed | ||
| 300 | |a 347 p | ||
| 942 | |c BK | ||
| 945 | |d 20120106 00:00:00 |a cmena | ||
| 260 | |a Madrid |b Mundi-Prensa |c 1991 | ||
| 650 | 0 | |a Invernaderos |9 264317 | |
| 650 | 0 | |a Cultivos en invernaderos |9 404755 | |
| 650 | 7 | |a TEMPERATURA |2 CL-VaPUC |9 560054 | |
| 650 | 0 | |a Luz |9 263172 | |
| 650 | 7 | |a HUMEDAD |2 CL-VaPUC |9 259412 | |
| 650 | 0 | |a Hidroponía |x Hortalizas |9 380084 | |
| 583 | |a last modification |c 20120106 11:45:00 |k Rodrigo Vera | ||
| 999 | |c 346427 |d 346425 | ||